| 000 | 00485nam a22001937a 4500 | ||
|---|---|---|---|
| 003 | MPLRDC | ||
| 005 | 20220104151300.0 | ||
| 008 | 210129b ||||| |||| 00| 0 eng d | ||
| 020 | _a957-522-090-0 | ||
| 082 | _a855 WWH-3 | ||
| 100 | _a王文华著 | ||
| 245 |
_a旧金山下雨了 _c |
||
| 250 | _a再版 | ||
| 260 |
_a _b联合文学出版社有限公司 _c2003 |
||
| 300 | _b平 | ||
| 490 | _a联合文丛; 74 | ||
| 650 | _a散文;随笔、日记 | ||
| 942 |
_cBK _o855 WWH-3 |
||
| 999 |
_c52294 _d52284 |
||